[Event "RUS-Cup03 Geller Memorial"]
[Site "Moscow"]
[Date "1999.02.07"]
[Round "6"]
[White "Kobalia, Mihail"]
[Black "Korotylev, Alexey"]
[Result "1-0"]
[WhiteElo "2537"]
[BlackElo "2440"]
[Annotator "Gofshtein,L"]
[PlyCount "69"]
[EventDate "1999.02.10"]
[EventType "swiss"]
[EventRounds "9"]
[EventCountry "RUS"]
[SourceTitle "CBM 070"]
[Source "ChessBase"]
[SourceDate "1999.06.08"]
[SourceVersion "1"]
[SourceVersionDate "1999.06.08"]
[SourceQuality "1"]

1. e4 c5 2. Nf3 Nc6 3. d4 cxd4 4. Nxd4 Nf6 5. Nc3 d6 6. Bg5 e6 7. Qd2 a6 8.
O-O-O h6 9. Be3 Bd7 10. f4 Qc7 11. Kb1 (11. h3 b5 12. Bxb5 axb5 13. Ndxb5 Qb8
14. Nxd6+ Bxd6 15. Qxd6 Qxd6 16. Rxd6 Ne7 17. Bc5 Bc6 18. Rd4 Nd7 19. Bb4 g5 $1
$13 {Short,N-Ljubojevic,L Belfort WCup 1988 1-0 83}) 11... b5 12. Bd3 (12. Bxb5
$6 axb5 13. Ndxb5 Qb8 14. Nxd6+ Bxd6 15. Qxd6 Qxd6 16. Rxd6 Ne7 17. Bc5 Rc8 18.
b4 Bc6 19. Re1 O-O 20. Kb2 Rc7 $15 {Psakhis,L-Huzman,A Beersheba (02) 1993 1/2
53}) 12... Na5 (12... Nxd4 13. Bxd4 b4 14. Ne2 e5 $5 (14... a5 $132)) 13. Qe1 (
13. Rhe1) (13. h3 Nc4 14. Bxc4 Qxc4 15. Qd3 Rc8 16. g4 b4 17. Nce2 e5 18. fxe5
dxe5 19. Nf3 Be6 $10 {Landenbergue,C-Krakops,M/Groningen op ,EXP 50 1995/0-1 
(57)}) (13. e5 b4 {[#]} (13... dxe5 14. fxe5 Qxe5 15. Nf5 exf5 16. Rhe1 Be6 17.
Bb6 Qb8 18. Bxa5 $44 {1-0 Tseshkovsky,V-Nevednichy,V/Cetinje 1993/TD (37)}) 14.
Ncb5 axb5 15. exf6 Nc4 16. Bxc4 Qxc4 17. Nb3 gxf6 18. Bc5 Bc6 19. Bxb4 Be4 20.
Na5 Qc7 21. Qe2 d5 22. Qxb5+ Qd7 $44 {Wells,P-Groszpeter,A/Zalakaros op (08) ,
EXP 52 1996 (47)}) 13... Nc4 $146 {[%csl Rb2,Re3][%cal Rc4b2,Rc4e3]} (13... Rc8
14. h3 Nc4 15. Bxc4 Qxc4 16. e5 dxe5 17. fxe5 Nd5 18. Nxd5 Qxd5 19. Qg3 Qe4 20.
Rd3 g5 21. Rhd1 Bg7 22. Nf3 Bc6 $13 {1-0 Ye Jiangchuan-Zhang Weida/Beijing
1995/EXT 97 (47)}) (13... Be7 14. Bc1 Nc6 15. Nf3 b4 16. Ne2 e5 17. h3 O-O 18.
g4 exf4 19. Nxf4 Ne5 $132 {1/2-1/2 Svidler,P-Sher,M/Moscow 1995/CBM 46 ext (29)
}) (13... b4 14. Nce2 Nc4 15. Bc1 Rb8 (15... a5 16. Bxc4 Qxc4 17. e5 dxe5 18.
fxe5 Nd5 19. Rf1 Be7 20. Qg3 $13 {1/2-1/2 Kindermann,S-Rechlis,G/Vienna 1996/
CBM 54 (78)}) 16. h3 h5 17. Ng1 a5 18. Ngf3 $36 {1-0 Smirin,I-Rechlis,G/Tel
Aviv 1996/CBM 52 ext (33)}) 14. Bxc4 $5 (14. Bc1 $5) 14... Qxc4 15. e5 dxe5 16.
fxe5 Nd5 17. Nxd5 Qxd5 18. Qg3 $40 {[%csl Rg7][%cal Rd1d5,Rd4f5,Yf5g7][%mdl
128] White develops initiative in spite of change one ofthe bishop.Black has
big problem with development of his pieces and safety his king} Qe4 19. Rhf1 {
[%csl Rf7]} g5 (19... Rd8 20. Rf4 Qxe5 (20... Qd5 21. Qf2) 21. Nc6 Bxc6 22.
Rxd8+ Kxd8 23. Rd4+ $16) (19... Rc8 20. Rd3) 20. Qf2 Rh7 21. Qd2 (21. Nf3 $5 {
[%cal Rd1d7,Ge3c5]} g4 (21... Qg6 22. Bxg5 $1 hxg5 23. Rxd7 $1 Kxd7 24. Qb6 Qe4
25. Nxg5 $18 {[%cal Rg5e4,Rg5h7]}) 22. Rd4 Qf5 23. Rf4 Qh5 24. Nd2 $36) 21...
Qxe5 22. Nf3 Qc7 23. Bb6 (23. h4 $5) 23... Qb7 24. Ne5 Bc6 25. Nxc6 (25. Bd8 $5
) 25... Qxc6 26. Ba5 Be7 $6 {White has strong attack after this move,as rook
h7 turned off game,Black must play f5} (26... f5 $5) 27. Rf3 $36 {[%cal Rf3c3,
Rc3c7][%mdl 128]} Rc8 (27... Qe4 $5) 28. Rc3 Qb7 29. Qd3 Rg7 $2 (29... f5 30.
Qf3 $1 $36) 30. Qd4 $1 Rg8 (30... Kf8 31. Qa7 Qa8 32. Rd7 f5 33. Bb4 Rd8 34.
Qd4 Rxd7 35. Qxd7 $18) (30... Rxc3) (30... f6 31. Qb6 $18) 31. Qa7 $1 $18 Qxa7
32. Rxc8+ Bd8 33. Rcxd8+ Ke7 34. Rxg8 e5 35. g4 1-0

[Event "Mermaid Beach Club"]
[Site "Bermuda"]
[Date "1999.01.25"]
[Round "5"]
[White "Nataf, Igor Alexandre"]
[Black "Gershon, Alik"]
[Result "1/2-1/2"]
[WhiteElo "2475"]
[BlackElo "2467"]
[Annotator "Gofshtein,L"]
[PlyCount "44"]
[EventDate "1999.01.21"]
[EventType "tourn"]
[EventRounds "13"]
[EventCountry "BER"]
[EventCategory "9"]
[SourceTitle "CBM 069"]
[Source "ChessBase"]
[SourceDate "1999.04.01"]
[SourceVersion "1"]
[SourceVersionDate "1999.04.01"]
[SourceQuality "1"]

1. e4 c5 2. Nf3 d6 3. d4 Nf6 4. Nc3 cxd4 5. Nxd4 Nc6 6. Bg5 e6 7. Qd2 a6 8.
O-O-O h6 9. Nxc6 {Murrey} bxc6 10. Bf4 (10. Bh4 Be7 11. e5 dxe5 12. Qe1 Qa5 13.
Bg3 Nd7 14. Bc4 Rb8 $16 {0-1 Forster,M-Relange,E/London 1996/CBM 55 (27)})
10... d5 11. Qe3 (11. a3 Be7 12. Bd3 Bb7 13. h4 Nd7 14. exd5 cxd5 15. g4 Bxh4
16. Kb1 Be7 17. g5 h5 18. g6 $44 {Murrey-Martin  Manchester 1981}) 11... Qa5 (
11... Bb4 12. Be2 $5 (12. a3 $5 Be7 (12... Be7 13. Be2 O-O (13... Qa5 14. Qg3
Bxa3 15. exd5 (15. Qxg7 $2 Qxc3 16. Qxh8+ Kd7 17. bxa3 Qa1+ 18. Kd2 Nxe4+ $19)
(15. bxa3 $6 Qxa3+ 16. Kb1 (16. Kd2 d4) 16... Ra7) 15... cxd5 (15... exd5 16.
Qxg7 Qxc3 (16... Bxb2+ 17. Kxb2 Qb4+ 18. Ka2 Qa5+ 19. Kb3) 17. Qxh8+ Ke7 (17...
Kd7 18. Bg4+) 18. Bd6+ $3 Kxd6 19. Qf8+ $18) 16. Bc7 $1 Qb4 17. bxa3 Qxa3+ 18.
Kd2 Qb4 (18... d4 19. Ke1 $1) 19. Qxg7 $1 Ne4+ 20. Ke1 Qxc3+ 21. Qxc3 Nxc3 22.
Be5 $16 {Greenfeld}) (13... Nd7 14. h4 O-O (14... e5 15. Bxe5 $1 Nxe5 16. exd5
$16) 15. Qg3 Kh8 16. Bc7 Qe8 17. Rhe1 $14 {Shekachev-Lominashvili,Smolensk 1997
}) 14. Qg3 Kh8 15. Bc7 $1 Qd7 16. Be5 Qb7 17. exd5 cxd5 $6 (17... exd5 $14) 18.
Rd4 $16 {Botvinnik Il.-Grinfeld.A ,Rishon Le-Zion 1997}) (12... Ba5 13. Be2 Bb7
(13... O-O 14. e5 Nd7 15. Qg3 Bc7 (15... Kh8 16. Qh3 $40) (15... Bxc3 16. Qxc3
$16) 16. Kb1 $1 Bb8 17. Rhe1 f5 18. Bh5 $16 {Greenfed.A}) 14. Qg3 Bxc3 15. Qxc3
Nxe4 16. Qxg7 Qf6 17. Qxf6 Nxf6 18. Rd3 $16 Ne4 19. Rf1 $1 {Greenfeld.
A-Vydeslaver.A Israel 1998})) 12... Bxc3 $6 (12... Qa5 $5) (12... O-O) 13. Qxc3
Nxe4 14. Qxg7 Qf6 15. Qxf6 Nxf6 $16 16. Be5 $5 (16. Rd3 $5) 16... Ke7 17. g4
$16 {1-0 Sutovskij,E-Gershon,A/New York 1998/CBM 64}) (11... Be7 12. Be2 Bb7 (
12... O-O 13. Qg3 (13. h4 Ne8 (13... Bb4 14. e5 Bxc3 15. Qxc3 Ne4 16. Qe3 f6
17. f3 fxe5 18. Bxe5 $16 {1-0 Gofshtein,L-Khasin,A/Rishon Le Zion 1997/CBM 62
ext (34)}) 14. Kb1 Nd6 15. Bd3 Re8 16. Qg3 Kh8 17. Be5 Bf8 18. Rhe1 a5 19. exd5
cxd5 20. Nxd5 {1-0 Shchekachev,A-Lopushnoy,D/Tomsk 1998/CBM 67 noVC (20)})
13... Kh8 14. h4 a5 $13 {1/2-1/2 Kolev,A-Kramnik,V/Villarrobledo 1998/EXT 99 
(61)}) 13. Qg3 g6 14. Bc7 $1 Qc8 15. Bf3 O-O 16. Na4 Nd7 17. Kb1 a5 18. c4 $16
{Shekachev-Pochikeev,1997 Smolensk}) 12. Be2 (12. a3 Qc5 (12... Bb7 13. Be2
O-O-O 14. exd5 cxd5 15. Qa7 Bd6 16. Bxd6 Rxd6 17. Nb5 $1 Rc6 18. Nd4 Rc7 19.
Nb3 Qa4 20. Kb1 Nd7 21. Rd4 Qc6 22. Rb4 Qxc2+ 23. Ka2 Qxe2 24. Rc1 Bc6 25. Rxc6
Rxc6 26. Nd4 {1-0 Shchekachev,A-Magerramov,E/Saint-Affrique 1997/EXT 99 (26)})
13. Qf3 e5 14. Na4 Qd6 15. Qe2 exf4 16. e5 Qd8 17. exf6+ Be6 $17 {0-1 Santo
Roman,M-Campos Moreno,J/Loures 1997/EXT 99 (35)}) 12... dxe4 $5 {[%mdl 4] New
line in defense.Black has problems in other variations} (12... Qc5 13. Qg3 d4
14. Na4 Qb4 15. Qb3 Qxb3 16. axb3 Nd7 17. Rxd4 e5 18. Rxd7 Bxd7 19. Bxe5 $16 {
1-0 Gershon,A-Groszpeter,A/Paks 1998/EXT 99 (50)}) 13. Bc4 $5 $146 {[%mdl 8]} (
13. Nxe4 Nd5 14. Rxd5 cxd5 15. Nd6+ Bxd6 16. Bxd6 Qd8 17. Ba3 Qc7 18. Rd1 $44 {
Gershon,A-Lerner,K Graz 1998}) (13. Kb1 $5) {[%tqu "En","White is going to
capture on-e4 getting big advantage.What can you offer for black?","","",
"a5f5","",10]} 13... Qf5 $1 {Good decision.Protecting pawn e4 black intends
Nd5.} 14. g4 $5 (14. Bd6 $5) (14. Bg3 $5) (14. f3 $1 $36) 14... Nxg4 15. Qb6 (
15. Qxe4 $5 Qxe4 16. Nxe4 $44) 15... Qxf4+ 16. Kb1 Bd7 $8 17. Rxd7 Kxd7 18.
Rd1+ (18. Qb7+ $5 Qc7 (18... Kd6 $6 19. Rd1+ Ke5 20. Qc7+ Kf5 21. Qxf7+ Nf6 22.
Ne2 $36) 19. Rd1+ (19. Qxa8 $6 Nxf2 20. Rf1 e3 $17) 19... Bd6 20. Rxd6+ Kxd6
21. Nxe4+ Kd7 22. Nc5+ $11) 18... Ke7 $8 19. Qxc6 (19. Qb7+ $5 Kf6 20. Qxa8 $13
) 19... Rd8 $8 (19... Ne5 $6 20. Qxa8 Kf6 21. Nxe4+ $16) (19... Rb8 $2 20. Rd7+
Kf6 21. Rxf7+ $1 $18) 20. Qb7+ Ke8 (20... Kf6 $6 21. Rxd8 Nxf2 22. Qc8 $16) 21.
Qc6+ Ke7 22. Qb7+ Ke8 1/2-1/2

[Event "RUS-ch51"]
[Site "St Petersburg"]
[Date "1998.08.02"]
[Round "6"]
[White "Dolmatov, Sergey"]
[Black "Iskusnyh, Sergei"]
[Result "1-0"]
[WhiteElo "2575"]
[BlackElo "2455"]
[Annotator "Gofshtein,L"]
[PlyCount "59"]
[EventDate "1998.07.28"]
[EventType "swiss"]
[EventRounds "11"]
[EventCountry "RUS"]
[SourceTitle "CBM 067"]
[Source "ChessBase"]
[SourceDate "1998.11.30"]
[SourceVersion "2"]
[SourceVersionDate "1998.11.01"]
[SourceQuality "1"]

1. e4 c5 2. Nf3 Nc6 3. d4 cxd4 4. Nxd4 Nf6 5. Nc3 d6 6. Bg5 e6 7. Qd2 Be7 8.
O-O-O Nxd4 9. Qxd4 a6 10. f4 b5 11. Bxf6 gxf6 (11... Bxf6 12. e5 dxe5 13. Qe4
Bd7 14. Rxd7 $18) 12. f5 (12. e5 d5 13. f5 $6 O-O $1 14. Bd3 fxe5 15. Qxe5 Bf6
16. Qg3+ Kh8 17. Qh3 Ra7 18. Kb1 b4 19. fxe6 fxe6 20. Ne2 Qc7 $1 $15 {
Lutz-Huzman,Dresden 1998}) (12. g3 Qc7 13. Bg2 Bb7 14. Kb1 Qc5 $1 15. Qd2 O-O-O
16. Rhe1 Kb8 17. Re3 f5 $1 $132 {Waizkin-Yermolinski,Las-Vegas, 1998}) 12...
Qc7 (12... Qa5 13. Kb1 Bb7 $146 14. Bd3 b4 15. Ne2 e5 16. Qf2 Qc5 17. Rhf1 Qxf2
18. Rxf2 Bd8 19. Ng3 Bb6 20. Re2 Rc8 $11 {Tiviakov-Gelfand,Elista 1998}) 13.
Be2 Qc5 14. fxe6 fxe6 15. Qxc5 dxc5 16. Bh5+ Kf8 17. e5 f5 18. g4 Ra7 19. gxf5
exf5 20. Nd5 Kg7 21. Nxe7 $1 $146 (21. Rhg1+ Kh6 22. Rd3 Bg5+ 23. Kb1 f4 24.
Bg4 Bxg4 25. Rxg4 c4 $5 $146 26. Rd1 Rd8 27. h4 Rad7 28. Rxg5 Rxd5 29. Rxd5
Rxd5 30. Kc1 $11 {Tiviakov-Halifman,Elista 1998}) 21... Rxe7 22. Rd6 $1 Rf8 (
22... Re6 23. Rg1+ Kh6 24. Rd3 Rxe5 (24... f4 25. Rh3 Rg6 26. Rxg6+ hxg6 27.
Bg4+ $18) 25. Rh3 f4 26. Bg4+ $18) (22... Rxe5 $2 23. Rg1+ Kf8 24. Rd8+ $18)
23. Rg1+ Kh8 24. Rf6 $1 Rd8 (24... Rg8 25. Rxg8+ Kxg8 26. Rc6 Bb7 27. Rxc5 f4
28. Kd2 Rg7 29. e6 $16) 25. Rd1 Rg8 $6 (25... Rxd1+ $142 26. Kxd1 Be6 $16) 26.
Bf7 Rf8 27. Bh5 Rg8 (27... Rxf6 28. exf6 Rc7 29. Rd8#) 28. Bf7 Rf8 29. Be6 Rxf6
$4 (29... Rfe8 30. Bxc8 Rxc8 31. Rxf5 $16) (29... Ree8 30. Bxc8 Rxc8 31. Rf1
$16) 30. Rd8+ 1-0

[Event "RUS-Cup03 Geller Memorial"]
[Site "Moscow"]
[Date "1999.02.13"]
[Round "4"]
[White "Rodin, Mihail"]
[Black "Akhmadeev, Vadim"]
[Result "0-1"]
[WhiteElo "2391"]
[BlackElo "2467"]
[Annotator "Gofshtein,L"]
[PlyCount "70"]
[EventDate "1999.02.10"]
[EventType "swiss"]
[EventRounds "9"]
[EventCountry "RUS"]
[SourceTitle "CBM 070"]
[Source "ChessBase"]
[SourceDate "1999.06.08"]
[SourceVersion "1"]
[SourceVersionDate "1999.06.08"]
[SourceQuality "1"]

1. e4 c5 2. Nf3 d6 3. d4 cxd4 4. Nxd4 Nf6 5. Nc3 Nc6 6. Bg5 e6 7. Qd2 a6 8.
O-O-O h6 9. Be3 Be7 10. f4 (10. f3) 10... Nxd4 11. Bxd4 b5 12. Bd3 b4 13. Ne2
Qa5 14. Kb1 (14. a3 e5 15. Be3 Rb8) 14... e5 15. Be3 (15. Bf2 Be6 16. Nc1 exf4
(16... O-O 17. f5 Bc8 18. Nb3 Qc7 19. Qe2 Bb7 20. Nd2 a5 21. c4 bxc3 22. Rc1 d5
$132 {Kaiumov,D-Murugan,K,1997 Calcutta}) 17. Qxf4 Qe5 $10 {1/2-1/2 Shmuter,
L-Kiselev,S/Pula op (8/13) 1990 (33)}) 15... Be6 {[%csl Ra2] Black  tries to
create counterplay without castle,more common15...0-0} (15... O-O 16. Ng3 (16.
Rhe1 Rd8 17. c4 $1 bxc3 18. Qxc3 Qxc3 19. Nxc3 Bb7 $10) (16. Rhf1 Rd8 (16...
Be6 17. b3 d5 18. exd5 Nxd5 19. f5 $14) 17. fxe5 (17. Ng3 Be6 18. b3 d5 19. Qe1
Bg4 $1 $146 (19... exf4 20. Bxf4 dxe4 21. Nxe4 {Dvoirys,S-Avrukh,B/The 16th
International Chess F 1997 (58)/1-0 (28) '+/='}) 20. Rd2 dxe4 $17 {Dvoirys,
S-Tseitlin,M/The 16th Festival Beer-Sheva 1997 (54)/1-0 (29).}) (17. Qe1 {
[%cal Re1g3]} Be6 18. b3 {[%cal Re3c1]} d5 $132) 17... dxe5 18. Ng3 Bg4 19.
Rde1 Be6 20. b3 Rac8 $132 {0-1 Aseev,K-Avrukh,B/Beersheva 1998/EXT 99 (33)})
16... Ng4 $5 17. f5 $6 (17. Bc4 Be6 (17... Nxe3 18. Qxe3 Bg4 19. Rdf1 $14) 18.
Nf5 Bxc4 19. Nxe7+ Kh7 20. b3 Be6) 17... Bb7 18. Qe2 (18. Bg1 d5) 18... Nxe3
19. Qxe3 {1/2-1/2 Dvoirys,S-Tyomkin,D/Beer Sheva 1997/CBM 58/[Tyomkin,D] (43)})
(15... Ng4 16. Bc4 O-O 17. h3 Nf6 18. Ng3 $13 {1/2-1/2 Brodsky,M-Makarov,M/
Moscow 1991/URS-ch (45)}) 16. b3 {White  had not easy  choice between
weekening position of his king ,or moving away his knight from the center.} (
16. Nc1 exf4 17. Bxf4 O-O 18. Rhf1 Rfd8 19. h3 d5 $132 {1/2-1/2 Borocz,
I-Delchev,A/Budapest 1995/EXT 97 (72)}) 16... Rc8 $5 $146 {[%csl Rc2][%cal
Rc8c2]} (16... Ng4 17. f5 Bd7 18. Ng3 Nf6 19. Qe2 Bb5 20. Bc1 O-O 21. Nh5 Nxh5
22. Qxh5 Rfc8 23. Rhf1 Qc7 24. Qe2 Bf6 25. Bb2 Bxd3 26. Rxd3 {1/2-1/2 Dvoirys,
S-Makarov,M/Budapest 1992/CBM 30 ext (26)}) 17. Qe1 $6 {It is better 17.Ng3
controling e4-point ,and preventing d6-d5} (17. Ng3 $5 exf4 18. Bxf4 O-O 19.
Rhf1) (17. fxe5 $6 dxe5 18. Ng3 O-O $132) 17... d5 18. fxe5 $2 (18. exd5 Nxd5
19. Bd2 Bf6 20. fxe5 Bxe5 {[%csl Rc3][%cal Re5b2,Gd5c3]} 21. Be4 O-O 22. Qh4
Rc5 $40 23. a4 bxa3 $1 24. Bxa5 a2+ $19) (18. Ng3 $5 Bg4 19. Be2 Bxe2 20. Qxe2
exf4 21. Bxf4 dxe4 22. Nxe4 O-O $11 {It is not late yet, 18.Ng3 holding the
defense.}) 18... dxe4 $2 {Black could get good position after 18...Ne4.} (18...
Nxe4 $1 19. Bxe4 dxe4 20. Qg3 Rxc2 21. Nc1 Qc7 22. Qxg7 Rf8 $36) 19. Bc4 $2 {
Another mistake.White could create some problems for black by 19.exf6. A new
mistake.White could after 19.ef to make big problem for black} (19. exf6 $1
exd3 20. Rxd3 Bxf6 21. Nd4 $1 (21. Bd4 $2 Rxc2 $1 22. a4 (22. Kxc2 Qxa2+ 23.
Kc1 Bg5+ 24. Be3 O-O $19) 22... Rc8 23. Bxf6 Qf5 24. Nf4 Qxf4 25. Bxg7 Rg8 $17)
21... Qc7 (21... O-O 22. Nxe6 fxe6 23. Bd2 $16) 22. Bf4 $1 Qc5 23. Bd6 $1 $36)
19... Qxe5 $6 (19... Ng4 $5 20. Bxe6 fxe6 21. Bd4 O-O) 20. Bd4 $6 (20. Bxa6 $5
Ra8 (20... Rc6 21. Bb7 $13) 21. Bb7 Ra5 22. Bc6+ $14) 20... Qa5 21. Bxe6 fxe6
22. c4 (22. Ng3 Rxc2 23. Kxc2 Qxa2+ 24. Kc1 O-O $36) 22... bxc3 23. Bxc3 Qc7
$36 24. Rc1 Qd7 25. Qg3 Qd3+ 26. Qxd3 exd3 27. Nf4 (27. Bxf6 Rxc1+ 28. Nxc1
gxf6 29. Nxd3 $15) 27... Ne4 $5 $15 {[%csl Rd3] o^d} (27... Ba3 28. Bb2 Rxc1+
29. Bxc1 $11) 28. Bxg7 Rxc1+ 29. Rxc1 Rh7 30. Be5 d2 31. Rd1 Bg5 32. Kc2 Rd7
33. b4 Rd8 34. g3 (34. Nxe6 $6 Rc8+) 34... Rc8+ 35. Kb3 $4 {This is a terrible
mistake leading to loss immediately} (35. Kb2 $15) (35. Kb1 $15) 35... Rc1 $19
0-1

[Event "Dubai op 6th"]
[Site "Dubai"]
[Date "2004.04.24"]
[Round "6"]
[White "Shetty, Rahul"]
[Black "Gelashvili, Tamaz"]
[Result "0-1"]
[WhiteElo "2367"]
[BlackElo "2542"]
[Annotator "Gofshtein,L"]
[PlyCount "70"]
[EventDate "2004.04.19"]
[EventType "swiss"]
[EventRounds "9"]
[EventCountry "UAE"]
[SourceTitle "CBM 101"]
[Source "ChessBase"]
[SourceDate "2004.07.27"]
[SourceVersion "1"]
[SourceVersionDate "2004.07.27"]
[SourceQuality "1"]

1. e4 {[%mdl 4]} c5 2. Nf3 d6 3. d4 cxd4 4. Nxd4 Nf6 5. Nc3 Nc6 6. Bg5 e6 7.
Qd2 a6 8. O-O-O Nxd4 9. Qxd4 Be7 10. f3 {Other moves also deserve attention in
this position. 10.f4 or 10.Bc4 for example} (10. f4 $5 b5 11. Bxf6 gxf6 12. Bd3
(12. f5 Qa5 13. Kb1 b4 14. Ne2 e5 15. Qe3 Bb7 16. Ng3 d5 $132 {1/2-1/2
Khalifman,A-Hracek,Z/Erevan 1996/CBM 53 (25)}) 12... Qc7 13. Qe3 Qc5 14. Qg3 {
1-0 Kasparov,G-Kramnik,V/Amsterdam VSB 1996/CBM 52/[Boensch,U] (42) +/=
Dokoian, = Kramnik}) (10. Bc4 $5 b5 11. Bb3 Bb7 12. Rhe1 Qc7 13. f4 Rd8 14. f5
$36 {Righi,E-Nasser/Dubai olm 1986/TD 86\02/1-0 (33)}) 10... Qc7 $5 {Black
prepares a counterplay on the queenside. 10...b5 was also played which usually
leads to the same positions with a different move order} (10... b5 $5 11. h4
Bb7 12. Kb1 Qc7 13. Bd3 Rc8 14. Be3 O-O 15. h5 h6 16. Bf2 Nd7 17. Bh4 Bxh4 18.
Rxh4 Rfd8 19. Rhh1 Ne5 $132 {0-1 Filipenko,A-Yakovich,Y/RUS-chT 1996/EXP 56 
(29)}) 11. g4 b5 12. Be3 $6 $146 {White retreats with the bishop and prepares
an advance of the pawns on the kingside. 12.Qd2 is more common with the idea
to put the knight on d4.} (12. Qd2 $5 Bb7 (12... O-O $6 13. Ne2 (13. Bd3 $143
b4 14. Ne2 a5 $132) 13... Bb7) 13. h4 (13. Bf4 b4 14. Ne2 Rc8 (14... e5 $11 {
Khalifman}) 15. Ng3 Qa5 16. Kb1 d5 17. g5 Nd7 $132 {1/2-1/2 Anand,V-Khalifman,
A/Groningen 1997/CBM 63/[Anand] (49)}) 13... Rc8 14. Bg2 O-O 15. Kb1 Rfd8 16.
Ne2 a5 17. Nd4 $36 {1-0 Kolev,A-Campos Moreno,J/Zaragoza 1998/EXT 2000 (41)})
12... h6 {By disturbing the immideate g5 black gains time.} 13. h4 Bb7 14. Bh3
(14. Be2 e5 15. Qd3 b4 $132) 14... b4 $5 {Black is first to start an activity.}
15. Na4 (15. Qxb4 d5 16. Qb6 Qxb6 17. Bxb6 dxe4 $132) (15. Ne2 Rc8 16. Rd2 e5
17. Qd3 d5 $132) 15... Rc8 {[%cal Rc7c2]} 16. Qd2 Nd7 $1 {[%cal Rd7e5,Re5c4,
Ye5f3] A typical knight maneouvre which allows black to seize the initiative.
The absense of the white bishop on the f1-a6 diagonal also important.} 17. b3 (
17. g5 Qc6 18. b3 Ne5 $17) 17... Bc6 $5 {Black attack the knight and forces it
to retreat.} (17... d5 $5) 18. Nb2 Ne5 {[%cal Re5f3]} 19. Bg2 a5 20. Kb1 {
It is difficult for white to start his play as his pieces are misplaced.
Besides the knight on e5 discourages f4.} d5 $5 {A releasing move, breaking
white's pawn chain.} 21. exd5 Bxd5 22. f4 {An attempt to show some activity by
sacrificing a pawn.} (22. Qe2 O-O $36) 22... Nxg4 23. Bd4 (23. Bxd5 exd5 24.
Bd4 O-O 25. Qg2 h5 $19) 23... Nf6 $6 {The cold blooded 23...0-0 was stronger
that led to the variations which we saw earlier when black has a clear edge.} (
23... O-O $5) 24. Bxd5 Nxd5 (24... exd5 25. Rhg1 Ne4 26. Qe2 Bf8 27. Na4 $44)
25. Bxg7 Rg8 26. Be5 Qb7 27. Rhg1 {White got a fine play by sacrificing a pawn.
The black king doesn't feel comfortable in the centre.} (27. Rdg1) 27... Rxg1
28. Rxg1 Bc5 29. Nc4 $5 {[%cal Rc4a5,Rc4d6] It seems that white has taken the
initiative already.} Ke7 30. Rg7 {White invades to the black camp and is
trying to continue with his initiative.} (30. Rg3 $5) 30... Rd8 {[%cal Rd8d5]}
31. Kb2 $16 a4 32. bxa4 $4 {[%mdl 8192] A severe mistake, leading to the loss
of initiative. 32.f5 was essential with an attack and a good chances to win.} (
32. f5 $1 $40) 32... Nb6 $1 {[%cal Rd8d2]} 33. Qe2 Qd5 $1 {Black immideatly
uses his chance and wins the game.} 34. Kb3 (34. Nxb6 Bd4+ $1 35. Bxd4 Qxd4+
36. Kb1 Qxg7 $19) 34... Nxc4 35. Qxc4 Qf3+ {White resigned as he's getting
mated after 36.Kb2 Qa3+ or 36.c3 Qd1+.} 0-1

[Event "Linz"]
[Site "Linz"]
[Date "1997.05.17"]
[Round "1"]
[White "Almasi, Zoltan"]
[Black "Lanka, Zigurds"]
[Result "1-0"]
[WhiteElo "2595"]
[BlackElo "2575"]
[Annotator "Gofshtein,L"]
[PlyCount "77"]
[EventDate "1997.05.17"]
[EventType "tourn"]
[EventRounds "9"]
[EventCountry "AUT"]
[EventCategory "12"]
[SourceTitle "CBM 059"]
[Source "ChessBase"]
[SourceDate "1997.08.01"]
[SourceVersion "1"]
[SourceVersionDate "1997.08.01"]
[SourceQuality "1"]

1. e4 c5 2. Nf3 d6 3. d4 cxd4 4. Nxd4 Nf6 5. Nc3 Nc6 6. Bg5 e6 7. Qd2 a6 8.
O-O-O h6 9. Be3 Bd7 10. f3 Qc7 11. g4 Ne5 (11... b5 12. Nxc6 Bxc6 13. Rg1 d5
14. e5 Nd7 15. f4 Nc5 16. Ne2 Ne4 17. Qe1 h5 18. h3 $14 {
ForgassiT-CaoSangBudapest96}) 12. Kb1 (12. h4 b5 13. Be2 g6 14. g5 hxg5 15.
hxg5 Rxh1 16. Rxh1 Nh5 $13 {Anand-Dreev Linares 97}) 12... b5 13. Bd3 Nc4 14.
Bxc4 Qxc4 15. h4 g6 16. Nb3 $1 $146 (16. Rhe1 b4 17. Nce2 a5 $132 {Cao
Sang-Csom.IBudapest95}) 16... b4 17. Ne2 a5 18. Ng3 a4 19. Nc1 $16 e5 20. g5
hxg5 21. hxg5 Rxh1 22. Rxh1 Nh5 (22... Ng8 23. Rh8) 23. Nxh5 gxh5 24. b3 $1 Qb5
25. Rxh5 Be6 26. Rh8 O-O-O 27. g6 $18 fxg6 28. Bg5 Re8 29. Nd3 d5 30. Bf6 dxe4
31. fxe4 Qc6 (31... Bd6 32. Rxe8+ Qxe8 33. Nxb4) 32. Bxe5 Qb6 (32... Qxe4 33.
Qf2 $18) 33. Qf4 Qd8 34. Qe3 Kb7 35. Rh7+ Re7 36. Bf6 Rxh7 37. Bxd8 Rh1+ 38.
Nc1 Kc8 39. Qf3 1-0

[Event "Madrid Magistral 6th"]
[Site "Madrid"]
[Date "1997.05.21"]
[Round "1"]
[White "Short, Nigel D"]
[Black "San Segundo Carrillo, Pablo"]
[Result "1-0"]
[WhiteElo "2690"]
[BlackElo "2505"]
[Annotator "Gofshtein,L"]
[PlyCount "101"]
[EventDate "1997.06.??"]
[EventType "tourn"]
[EventRounds "9"]
[EventCountry "ESP"]
[EventCategory "17"]
[SourceTitle "CBM 059"]
[Source "ChessBase"]
[SourceDate "1997.08.01"]
[SourceVersion "1"]
[SourceVersionDate "1997.08.01"]
[SourceQuality "1"]

1. e4 c5 2. Nf3 Nc6 3. d4 cxd4 4. Nxd4 Nf6 5. Nc3 d6 6. Bg5 e6 7. Qd2 a6 8.
O-O-O h6 9. Be3 Be7 10. f4 Nxd4 11. Bxd4 b5 12. Qe3 Qc7 13. e5 dxe5 14. fxe5
Nd7 15. Ne4 Bb7 16. Nd6+ Qxd6 17. exd6 Bg5 18. Qxg5 hxg5 19. Bxg7 Rh4 20. Bd4 {
theory in this variation you can in the analyse of the game Shrot-Anand CBM 59}
f5 21. h3 Rc8 $6 (21... Kf7 22. Rg1 e5 23. Bf2 Rh6 $44) 22. Rg1 Be4 $6 23. c3
Rc6 24. Be3 g4 $2 (24... f4 25. Bf2 Rh6 $132) 25. Bf2 $1 Rh7 26. hxg4 fxg4 27.
Be2 Bf5 28. Bg3 Nf6 29. Rd4 $1 Rc5 30. Rgd1 e5 31. Rb4 Ne4 32. Be1 $16 Rd7 33.
a4 bxa4 (33... Nxd6 34. Bf2 Rc8 35. Rd5 $18) 34. Rxa4 a5 35. c4 Rxd6 36. Rxd6
Nxd6 37. Rxa5 Rxa5 38. Bxa5 $18 Be4 39. Bb4 Nf5 40. Bxg4 Ne3 41. Bf3 Bf5 (41...
Bxf3 42. gxf3 Nxc4 43. Bc3 Kf7 44. b3 $18) 42. b3 Kd7 43. Bc5 Ng4 44. Kd2 Nf6
45. Bb6 Ne4+ 46. Ke3 Nd6 47. Bc5 Nf7 48. Be4 Bg4 49. Bd5 Ng5 50. b4 Ne6 51. Ke4
1-0